| 000 | 00498nam a2200181Ia 4500 | ||
|---|---|---|---|
| 003 | IEPS | ||
| 005 | 20260205105850.0 | ||
| 008 | 250223s9999||||xx |||||||||||||| ||und|| | ||
| 040 | _cIEPS | ||
| 041 | _aara | ||
| 082 | _a301 | ||
| 100 | _aليله علي | ||
| 245 | 0 | _aالنظرية الإجتماعية المعاصرة | |
| 260 |
_aالقاهرة _bدار المعارف _c1983 |
||
| 300 |
_a809 ص. _bغلاف ملون _c24 سم |
||
| 653 | _aعلم الإجتماع | ||
| 942 |
_cكتاب _2ddc |
||
| 999 |
_c11027 _d11027 |
||